000 00577cam a22002053a 4500
001 39337
003 PGUSA
005 20140828083856.0
008 120401s2012||||xxu|||||s|||||000 | eng d
040 _aPGUSA
_beng
042 _adc
100 1 _aVerona, Guido da,
_d1881-1939
245 1 0 _aLa vita comincia domani
_h[electronic resource] /
_cGuido da Verona
260 _bProject Gutenberg,
_c2012
506 _aPublic domain in the USA.
516 _aElectronic text
830 0 _aProject Gutenberg
_v39337
856 4 0 _uhttp://www.gutenberg.org/ebooks/39337
942 _cEB
999 _c268590
_d268590